It pays to explore alternative ways (Record no. 77842)
[ view plain ]
| 000 -LEADER | |
|---|---|
| fixed length control field | 01190cab a2200193 4500 |
| 001 - CONTROL NUMBER | |
| control field | ##L135257 |
| 008 - FIXED-LENGTH DATA ELEMENTS--GENERAL INFORMATION | |
| fixed length control field | 061009n2006 000 0 eng u |
| 035 ## - SYSTEM CONTROL NUMBER | |
| System control number | (Sirsi) u135257 |
| 041 0# - LANGUAGE CODE | |
| Language code of text/sound track or separate title | eng |
| 100 1# - MAIN ENTRY--PERSONAL NAME | |
| Personal name | Clark, Louise |
| 245 00 - TITLE STATEMENT | |
| Title | It pays to explore alternative ways |
| 260 ## - PUBLICATION, DISTRIBUTION, ETC. | |
| Date of publication, distribution, etc. | 2006 |
| 490 #0 - SERIES STATEMENT | |
| Series statement | Estates Gazette |
| Volume/sequential designation | (0639) 30 September 2006, 179(1) |
| 520 ## - SUMMARY, ETC. | |
| Summary, etc. | Question and answer style article looking at what mediation is and whether it is compulsory. "Can a refusal to mediate be penalised?" explains that parties cannot be ordered to mediate and highlights situations when mediation can be refused. However, warns that a refusal can be penalised in costs if deemed unreasonable. "How should I prepare for mediation?" emphasises the need to collect relevant documents, prepare a position statement, carefully identify the client's objectives, explain the mediation process, and look at solutions beyond the scope of litigation. |
| 590 ## - LOCAL NOTE (RLIN) | |
| Local note | IKA171006 |
| 651 #4 - SUBJECT ADDED ENTRY--GEOGRAPHIC NAME | |
| Geographic name | England and Wales |
| Chronological subdivision | 1543- |
| 690 ## - LOCAL SUBJECT ADDED ENTRY--TOPICAL TERM (OCLC, RLIN) | |
| Topical term or geographic name as entry element | MANAGEMENT-DISPUTE AVOIDANCE, MANAGEMENT AND RESOLUTION-DISPUTE MANAGEMENT AND RESOLUTION-ALTERNATIVE DISPUTE RESOLUTION-ASSISTED NEGOTIATION-MEDIATION |
| 942 ## - ADDED ENTRY ELEMENTS (KOHA) | |
| Suppress in OPAC | 0 |
| Withdrawn status | Lost status | Source of classification or shelving scheme | Damaged status | Not for loan | Home library | Current library | Shelving location | Date acquired | Total Checkouts | Full call number | Barcode | Date last seen | Copy number | Price effective from | Koha item type |
|---|---|---|---|---|---|---|---|---|---|---|---|---|---|---|---|
| Dewey Decimal Classification | London | London | Journal article | 09/10/2006 | L135257 | 135257-1001 | 06/08/2019 | 1 | 06/08/2019 | Journal article |